[Event "English Schools Championship Final 2024"]
[Site "Nottingham University Kings Meadow Campus, United Kingdom"]
[Date "2024.06.27"]
[Round "2.49"]
[White "Mesropyan, Hayk"]
[Black "Fung, Marcus"]
[Result "1-0"]
[TimeControl "G50' + 10\" per move."]
[WhiteFideId "499455"]
[BlackFideId "343413269"]
[WhiteElo "2066"]
[BlackElo "1739"]

1. e4 {[%clk 00:50:17]} g6 {[%clk 00:50:14]} {[%emt 00:00:07]} 2. d4 {[%clk
00:50:24]} {[%emt 00:00:04]} Bg7 {[%clk 00:50:18]} {[%emt 00:00:05]} 3. Nf3
{[%clk 00:50:30]} {[%emt 00:00:04]} d6 {[%clk 00:50:23]} {[%emt 00:00:06]} 4.
h3 {[%clk 00:50:31]} {[%emt 00:00:08]} Nf6 {[%clk 00:50:21]} {[%emt 00:00:11]}
5. Bd3 {[%clk 00:50:19]} {[%emt 00:00:23]} Nbd7 {[%clk 00:50:17]} {[%emt
00:00:13]} 6. O-O {[%clk 00:50:15]} {[%emt 00:00:14]} O-O {[%clk 00:50:17]}
{[%emt 00:00:11]} 7. Re1 {[%clk 00:50:14]} {[%emt 00:00:11]} c5 {[%clk
00:49:33]} {[%emt 00:00:54]} 8. c3 {[%clk 00:50:18]} {[%emt 00:00:06]} a6
{[%clk 00:48:16]} {[%emt 00:01:27]} 9. a4 {[%clk 00:50:08]} {[%emt 00:00:20]}
b6 {[%clk 00:48:03]} {[%emt 00:00:23]} 10. e5 {[%clk 00:49:17]} {[%emt
00:01:02]} Ne8 {[%clk 00:46:10]} {[%emt 00:02:02]} 11. Bg5 {[%clk 00:48:39]}
{[%emt 00:00:47]} dxe5 {[%clk 00:44:16]} {[%emt 00:02:04]} 12. Be4 {[%clk
00:45:29]} {[%emt 00:03:21]} Ra7 {[%clk 00:43:28]} {[%emt 00:00:58]} 13. dxe5
{[%clk 00:45:19]} {[%emt 00:00:21]} Nc7 {[%clk 00:40:27]} {[%emt 00:03:10]} 14.
Na3 {[%clk 00:41:04]} {[%emt 00:04:25]} Ne6 {[%clk 00:39:10]} {[%emt 00:01:27]}
15. Nc4 {[%clk 00:38:13]} {[%emt 00:03:01]} Nxg5 {[%clk 00:37:50]} {[%emt
00:01:30]} 16. Nxg5 {[%clk 00:38:17]} {[%emt 00:00:06]} Nxe5 {[%clk 00:36:26]}
{[%emt 00:01:34]} 17. Qxd8 {[%clk 00:36:39]} {[%emt 00:01:48]} Rxd8 {[%clk
00:36:23]} {[%emt 00:00:13]} 18. Nxb6 {[%clk 00:36:33]} {[%emt 00:00:16]} Bb7
{[%clk 00:35:11]} {[%emt 00:01:21]} 19. Bc2 {[%clk 00:31:19]} {[%emt 00:05:25]}
a5 {[%clk 00:34:49]} {[%emt 00:00:32]} 20. f4 {[%clk 00:29:41]} {[%emt
00:01:48]} Nc6 {[%clk 00:32:20]} {[%emt 00:02:39]} 21. Bb3 {[%clk 00:26:49]}
{[%emt 00:03:03]} e6 {[%clk 00:30:54]} {[%emt 00:01:31]} 22. Rad1 {[%clk
00:22:49]} {[%emt 00:04:14]} h6 {[%clk 00:26:12]} {[%emt 00:04:53]} 23. Ne4
{[%clk 00:22:21]} {[%emt 00:00:37]} Rxd1 {[%clk 00:17:01]} {[%emt 00:09:21]} 24.
Rxd1 {[%clk 00:22:10]} {[%emt 00:00:21]} Nd4 {[%clk 00:15:30]} {[%emt
00:01:41]} 25. Nxc5 {[%clk 00:20:47]} {[%emt 00:01:33]} Nxb3 {[%clk 00:13:22]}
{[%emt 00:02:19]} 26. Rd8+ {[%clk 00:20:19]} {[%emt 00:00:38]} Kh7 {[%clk
00:13:09]} {[%emt 00:00:22]} 27. Nxb3 {[%clk 00:20:23]} {[%emt 00:00:06]} Bc6
{[%clk 00:12:31]} {[%emt 00:00:48]} 28. Rd6 {[%clk 00:20:00]} {[%emt 00:00:33]}
Be4 {[%clk 00:11:55]} {[%emt 00:00:46]} 29. Nc4 {[%clk 00:18:35]} {[%emt
00:01:35]} Bd5 {[%clk 00:11:26]} {[%emt 00:00:38]} 30. Ncxa5 {[%clk 00:16:53]}
{[%emt 00:01:53]} Bf8 {[%clk 00:11:06]} {[%emt 00:00:29]} 31. Rd8 {[%clk
00:16:39]} {[%emt 00:00:25]} Be7 {[%clk 00:10:52]} {[%emt 00:00:24]} 32. Re8
{[%clk 00:16:20]} {[%emt 00:00:30]} Kg7 {[%clk 00:10:22]} {[%emt 00:00:40]} 33.
c4 {[%clk 00:16:06]} {[%emt 00:00:24]} Be4 {[%clk 00:10:07]} {[%emt 00:00:24]}
34. c5 {[%clk 00:15:40]} {[%emt 00:00:36]} Bf6 {[%clk 00:09:18]} {[%emt
00:00:59]} 35. c6 {[%clk 00:14:41]} {[%emt 00:01:10]} Rc7 {[%clk 00:08:38]}
{[%emt 00:00:49]} 36. Rb8 {[%clk 00:13:23]} {[%emt 00:01:28]} Bxb2 {[%clk
00:08:06]} {[%emt 00:00:42]} 37. Rb7 {[%clk 00:11:56]} {[%emt 00:01:38]} Rc8
{[%clk 00:06:32]} {[%emt 00:01:44]} 38. Rb6 {[%clk 00:10:41]} {[%emt 00:01:25]}
Bd5 {[%clk 00:06:04]} {[%emt 00:00:37]} 39. Kh2 {[%clk 00:10:27]} {[%emt
00:00:24]} e5 {[%clk 00:05:41]} {[%emt 00:00:33]} 40. Rb5 {[%clk 00:07:03]}
{[%emt 00:03:34]} Bxc6 {[%clk 00:05:08]} {[%emt 00:00:43]} 41. Rc5 {[%clk
00:06:34]} {[%emt 00:00:39]} Bd7 {[%clk 00:05:10]} {[%emt 00:00:08]} 42. fxe5
{[%clk 00:06:39]} {[%emt 00:00:05]} Rxc5 {[%clk 00:05:16]} {[%emt 00:00:04]} 43.
Nxc5 {[%clk 00:06:35]} {[%emt 00:00:15]} Bxe5+ {[%clk 00:05:23]} {[%emt
00:00:03]} 44. Kh1 {[%clk 00:06:32]} {[%emt 00:00:13]} Be8 {[%clk 00:05:31]}
{[%emt 00:00:02]} 45. Nab7 {[%clk 00:06:24]} {[%emt 00:00:18]} Bc6 {[%clk
00:05:12]} {[%emt 00:00:29]} 46. a5 {[%clk 00:06:23]} {[%emt 00:00:12]} Bd4
{[%clk 00:04:54]} {[%emt 00:00:25]} 47. Nd8 {[%clk 00:05:17]} {[%emt 00:01:18]}
Bxg2+ {[%clk 00:04:34]} {[%emt 00:00:30]} 48. Kxg2 {[%clk 00:05:24]} {[%emt
00:00:03]} Bxc5 {[%clk 00:04:40]} {[%emt 00:00:04]} 49. a6 {[%clk 00:05:26]}
{[%emt 00:00:08]} g5 {[%clk 00:04:35]} {[%emt 00:00:15]} 50. Nc6 {[%clk
00:05:06]} {[%emt 00:00:30]} f5 {[%clk 00:04:32]} {[%emt 00:00:13]} 51. a7
{[%clk 00:05:02]} {[%emt 00:00:14]} Bxa7 {[%clk 00:04:40]} {[%emt 00:00:02]} 52.
Nxa7 {[%clk 00:05:06]} {[%emt 00:00:06]} Kf6 {[%clk 00:04:48]} {[%emt
00:00:02]} 53. Nb5 {[%clk 00:04:41]} {[%emt 00:00:35]} Ke5 {[%clk 00:04:50]}
{[%emt 00:00:07]} 54. Nc7 {[%clk 00:04:47]} {[%emt 00:00:04]} Ke4 {[%clk
00:04:42]} {[%emt 00:00:16]} 55. Ne6 {[%clk 00:04:42]} {[%emt 00:00:18]} f4
{[%clk 00:04:38]} {[%emt 00:00:14]} 56. Ng7 {[%clk 00:04:18]} {[%emt 00:00:34]}
Ke3 {[%clk 00:04:01]} {[%emt 00:00:47]} 57. Nf5+ {[%clk 00:04:26]} {[%emt
00:00:02]} Ke2 {[%clk 00:04:07]} {[%emt 00:00:04]} 58. Nd4+ {[%clk 00:03:27]}
{[%emt 00:01:09]} Kd3 {[%clk 00:03:56]} {[%emt 00:00:19]} 59. Nf3 {[%clk
00:03:19]} {[%emt 00:00:19]} Ke3 {[%clk 00:03:49]} {[%emt 00:00:18]} 60. Ne1
{[%clk 00:02:48]} {[%emt 00:00:41]} h5 {[%clk 00:03:50]} {[%emt 00:00:09]} 61.
Nc2+ {[%clk 00:02:53]} {[%emt 00:00:05]} Ke4 {[%clk 00:03:51]} {[%emt
00:00:09]} 62. Kf2 {[%clk 00:02:53]} {[%emt 00:00:10]} g4 {[%clk 00:03:58]}
{[%emt 00:00:03]} 63. h4 {[%clk 00:02:52]} {[%emt 00:00:11]} f3 {[%clk
00:03:36]} {[%emt 00:00:32]} 64. Nb4 {[%clk 00:02:32]} {[%emt 00:00:30]} Kf5
{[%clk 00:03:25]} {[%emt 00:00:19]} 65. Nd3 {[%clk 00:02:00]} {[%emt 00:00:44]}
Ke4 {[%clk 00:03:04]} {[%emt 00:00:30]} 66. Nc5+ {[%clk 00:02:09]} {[%emt
00:00:01]} Kd5 {[%clk 00:03:10]} {[%emt 00:00:05]} 67. Nd7 {[%clk 00:02:15]}
{[%emt 00:00:04]} Kd6 {[%clk 00:03:03]} {[%emt 00:00:17]} 68. Nf6 {[%clk
00:02:22]} {[%emt 00:00:02]} Ke6 {[%clk 00:02:39]} {[%emt 00:00:35]} 69. Nxh5
{[%clk 00:02:30]} {[%emt 00:00:01]} Kf5 {[%clk 00:02:45]} {[%emt 00:00:05]} 70.
Ng3+ {[%clk 00:02:25]} {[%emt 00:00:15]} Kg6 {[%clk 00:02:46]} {[%emt
00:00:07]} 71. Ke3 {[%clk 00:02:25]} {[%emt 00:00:12]} Kh6 {[%clk 00:02:49]}
{[%emt 00:00:07]} 72. Kf4 {[%clk 00:02:28]} {[%emt 00:00:06]} f2 {[%clk
00:02:27]} {[%emt 00:00:32]} 73. Kxg4 {[%clk 00:02:37]} {[%emt 00:00:02]} Kg6
{[%clk 00:02:33]} {[%emt 00:00:04]} 74. Kf3 {[%clk 00:02:42]} {[%emt 00:00:04]}
f1=Q+ {[%emt 00:00:09]} 75. Nxf1 {[%clk 00:02:46]} {[%emt 00:00:02]} Kh5 {[%clk
00:02:46]} {[%emt 00:00:03]} 76. Kg3 {[%clk 00:02:55]} {[%emt 00:00:01]} Kg6
{[%clk 00:02:53]} {[%emt 00:00:02]} 77. Kg4 {[%clk 00:03:04]} {[%emt 00:00:01]}
Kh6 {[%clk 00:03:02]} {[%emt 00:00:01]} 78. Ne3 {[%clk 00:03:13]} {[%emt
00:00:02]} Kg6 {[%clk 00:03:10]} 79. Nf5 {[%clk 00:03:22]} {[%emt 00:00:01]}
Kh7 {[%clk 00:03:18]} {[%emt 00:00:02]} 80. Kg5 {[%clk 00:03:31]} {[%emt
00:00:02]} Kg8 {[%clk 00:03:26]} {[%emt 00:00:02]} 81. Ne7+ {[%clk 00:03:34]}
{[%emt 00:00:07]} Kh8 {[%clk 00:03:32]} {[%emt 00:00:02]} 82. h5 {[%clk
00:03:38]} {[%emt 00:00:07]} Kh7 {[%clk 00:03:39]} {[%emt 00:00:03]} 83. Ng6
{[%clk 00:03:41]} {[%emt 00:00:08]} Kg7 {[%clk 00:03:46]} {[%emt 00:00:02]} 84.
Ne5 {[%clk 00:03:32]} {[%emt 00:00:20]} Kh7 {[%clk 00:03:51]} {[%emt 00:00:03]}
85. h6 {[%clk 00:03:39]} {[%emt 00:00:04]} Kg8 {[%clk 00:03:52]} {[%emt
00:00:10]} 86. Kg6 {[%clk 00:03:43]} {[%emt 00:00:06]} Kh8 {[%clk 00:03:58]}
{[%emt 00:00:03]} 87. Nf7+ {[%clk 00:03:51]} {[%emt 00:00:03]} 1-0

[Event "English Schools Championship Final 2024"]
[Site "Nottingham University Kings Meadow Campus, United Kingdom"]
[Date "2024.06.27"]
[Round "2.50"]
[White "McGuigan-Lazo, Leon"]
[Black "Agrawal, Ansh"]
[Result "1-0"]
[TimeControl "G50' + 10\" per move."]
[BlackFideId "473634"]
[WhiteElo "1712"]
[BlackElo "1589"]

1. d4 {[%clk 00:50:14]} {[%emt 00:00:05]} d5 {[%clk 00:50:15]} {[%emt
00:00:06]} 2. c4 {[%clk 00:50:17]} {[%emt 00:00:07]} c6 {[%clk 00:50:20]}
{[%emt 00:00:05]} 3. Nc3 {[%clk 00:50:11]} {[%emt 00:00:16]} Nf6 {[%clk
00:50:24]} {[%emt 00:00:06]} 4. Nf3 {[%clk 00:50:11]} {[%emt 00:00:10]} Bf5
{[%clk 00:50:16]} {[%emt 00:00:18]} 5. Bf4 {[%clk 00:49:54]} {[%emt 00:00:27]}
dxc4 {[%clk 00:49:14]} {[%emt 00:01:12]} 6. e3 {[%clk 00:49:39]} {[%emt
00:00:25]} b5 {[%clk 00:48:36]} {[%emt 00:00:48]} 7. a4 {[%clk 00:47:35]}
{[%emt 00:02:13]} Qb6 {[%clk 00:47:39]} {[%emt 00:01:08]} 8. Nd2 {[%clk
00:44:25]} {[%emt 00:03:20]} Nd5 {[%clk 00:46:40]} {[%emt 00:01:09]} 9. Bxb8
{[%clk 00:36:16]} {[%emt 00:08:18]} Rxb8 {[%clk 00:46:28]} {[%emt 00:00:22]} 10.
e4 {[%clk 00:36:11]} {[%emt 00:00:16]} Nxc3 {[%clk 00:46:18]} {[%emt 00:00:20]}
11. bxc3 {[%clk 00:36:11]} {[%emt 00:00:10]} Bd7 {[%clk 00:46:14]} {[%emt
00:00:14]} 12. a5 {[%clk 00:31:40]} {[%emt 00:04:41]} Qc7 {[%clk 00:45:59]}
{[%emt 00:00:24]} 13. g3 {[%clk 00:28:50]} {[%emt 00:03:00]} a6 {[%clk
00:45:50]} {[%emt 00:00:19]} 14. Bg2 {[%clk 00:28:37]} {[%emt 00:00:24]} e6
{[%clk 00:45:23]} {[%emt 00:00:36]} 15. O-O {[%clk 00:27:43]} {[%emt 00:01:05]}
c5 {[%clk 00:45:06]} {[%emt 00:00:27]} 16. d5 {[%clk 00:26:32]} {[%emt
00:01:21]} exd5 {[%clk 00:44:58]} {[%emt 00:00:18]} 17. exd5 {[%clk 00:26:36]}
{[%emt 00:00:05]} Be7 {[%clk 00:44:54]} {[%emt 00:00:15]} 18. Re1 {[%clk
00:25:05]} {[%emt 00:01:41]} Bf5 {[%clk 00:44:32]} {[%emt 00:00:31]} 19. Nxc4
{[%clk 00:18:36]} {[%emt 00:06:39]} bxc4 {[%clk 00:44:01]} {[%emt 00:00:42]} 20.
d6 {[%clk 00:18:44]} {[%emt 00:00:02]} Qc8 {[%clk 00:40:34]} {[%emt 00:03:37]}
21. Rxe7+ {[%clk 00:17:51]} {[%emt 00:01:03]} Kf8 {[%clk 00:40:03]} {[%emt
00:00:41]} 22. Bd5 {[%clk 00:13:58]} {[%emt 00:04:02]} Bg6 {[%clk 00:37:54]}
{[%emt 00:02:20]} 23. Qf3 {[%clk 00:12:47]} {[%emt 00:01:21]} f6 {[%clk
00:37:22]} {[%emt 00:00:41]} 24. Rae1 {[%clk 00:11:17]} {[%emt 00:01:39]} Qd8
{[%clk 00:34:49]} {[%emt 00:02:44]} 25. d7 {[%clk 00:11:03]} {[%emt 00:00:23]}
Qxe7 {[%clk 00:34:10]} {[%emt 00:00:50]} 26. Rxe7 {[%clk 00:11:03]} {[%emt
00:00:11]} Kxe7 {[%clk 00:34:19]} 27. Bc6 {[%clk 00:09:26]} {[%emt 00:01:47]}
Rhd8 {[%clk 00:34:02]} {[%emt 00:00:26]} 28. Qe3+ {[%clk 00:09:26]} {[%emt
00:00:10]} Kf8 {[%clk 00:34:08]} {[%emt 00:00:04]} 29. Qxc5+ {[%clk 00:09:05]}
{[%emt 00:00:31]} Kg8 {[%clk 00:33:59]} {[%emt 00:00:18]} 30. Qxc4+ {[%clk
00:08:55]} {[%emt 00:00:21]} Bf7 {[%clk 00:33:20]} {[%emt 00:00:49]} 31. Qd3
{[%clk 00:08:00]} {[%emt 00:01:04]} Be6 {[%clk 00:32:48]} {[%emt 00:00:42]} 32.
Bd5 {[%clk 00:08:03]} {[%emt 00:00:08]} Kf7 {[%clk 00:32:15]} {[%emt 00:00:44]}
33. Qe4 {[%clk 00:07:15]} {[%emt 00:00:57]} Bxd5 {[%clk 00:32:13]} {[%emt
00:00:12]} 34. Qxd5+ {[%clk 00:07:04]} {[%emt 00:00:21]} Ke7 {[%clk 00:32:20]}
{[%emt 00:00:04]} 35. Qe4+ {[%clk 00:06:15]} {[%emt 00:00:59]} Kxd7 {[%clk
00:31:47]} {[%emt 00:00:43]} 36. Qd3+ {[%clk 00:06:21]} {[%emt 00:00:03]} Ke7
{[%clk 00:31:51]} {[%emt 00:00:06]} 37. Qxa6 {[%clk 00:06:28]} {[%emt
00:00:03]} Ra8 {[%clk 00:31:52]} {[%emt 00:00:09]} 38. Qb7+ {[%clk 00:06:28]}
{[%emt 00:00:10]} Ke6 {[%clk 00:31:57]} {[%emt 00:00:05]} 39. Qc7 {[%clk
00:06:07]} {[%emt 00:00:31]} Rdc8 {[%clk 00:31:57]} {[%emt 00:00:11]} 40. Qxg7
{[%clk 00:05:18]} {[%emt 00:00:58]} h5 {[%clk 00:29:49]} {[%emt 00:02:19]} 41.
Qb7 {[%clk 00:05:08]} {[%emt 00:00:19]} Rab8 {[%clk 00:29:46]} {[%emt
00:00:12]} 42. Qa6+ {[%clk 00:05:09]} {[%emt 00:00:09]} Kf7 {[%clk 00:29:50]}
{[%emt 00:00:06]} 43. Qa7+ {[%clk 00:05:17]} {[%emt 00:00:04]} Kg6 {[%clk
00:29:50]} {[%emt 00:00:10]} 44. Qe3 {[%clk 00:05:17]} {[%emt 00:00:10]} Re8
{[%clk 00:29:49]} {[%emt 00:00:11]} 45. Qd3+ {[%clk 00:05:24]} {[%emt
00:00:02]} Kg5 {[%clk 00:29:51]} {[%emt 00:00:08]} 46. h4+ {[%clk 00:05:28]}
{[%emt 00:00:06]} Kh6 {[%clk 00:28:58]} {[%emt 00:01:03]} 47. Qf5 {[%clk
00:05:18]} {[%emt 00:00:19]} Rf8 {[%clk 00:28:16]} {[%emt 00:00:54]} 48. a6
{[%clk 00:05:02]} {[%emt 00:00:25]} Ra8 {[%emt 00:00:10]} 49. Qd3 {[%clk
00:04:38]} {[%emt 00:00:33]} Kg7 {[%clk 00:28:15]} {[%emt 00:00:12]} 50. Qd7+
{[%clk 00:04:42]} {[%emt 00:00:06]} Rf7 {[%clk 00:28:19]} {[%emt 00:00:07]} 51.
Qb5 {[%clk 00:04:25]} {[%emt 00:00:27]} Rfa7 {[%clk 00:28:18]} {[%emt
00:00:10]} 52. Qe2 {[%clk 00:04:20]} {[%emt 00:00:15]} Kg6 {[%clk 00:28:18]}
{[%emt 00:00:10]} 53. Qe4+ {[%clk 00:04:20]} {[%emt 00:00:10]} Kg7 {[%clk
00:28:19]} {[%emt 00:00:09]} 54. Qf5 {[%clk 00:04:21]} {[%emt 00:00:10]} Rxa6
{[%clk 00:28:23]} {[%emt 00:00:05]} 55. Qxh5 {[%clk 00:04:28]} {[%emt
00:00:03]} Rc6 {[%clk 00:27:39]} {[%emt 00:00:53]} 56. Qg4+ {[%clk 00:04:11]}
{[%emt 00:00:27]} Kh8 {[%clk 00:27:11]} {[%emt 00:00:39]} 57. Qf5 {[%clk
00:04:00]} {[%emt 00:00:21]} Ra3 {[%clk 00:26:21]} {[%emt 00:01:00]} 58. Qh5+
{[%clk 00:03:56]} {[%emt 00:00:14]} Kg7 {[%clk 00:26:25]} {[%emt 00:00:06]} 59.
Qg4+ {[%clk 00:04:03]} {[%emt 00:00:04]} Kh8 {[%clk 00:26:33]} {[%emt
00:00:02]} 60. Qh5+ {[%clk 00:03:27]} {[%emt 00:00:46]} Kg7 {[%clk 00:26:40]}
{[%emt 00:00:02]} 61. Qg4+ {[%clk 00:02:59]} {[%emt 00:00:38]} Kh8 {[%clk
00:26:12]} {[%emt 00:06:42]} 62. Qd4 {[%clk 00:04:51]} {[%emt 00:00:19]} Raxc3
{[%clk 00:26:18]} {[%emt 00:00:04]} 63. Kg2 {[%clk 00:04:54]} {[%emt 00:00:08]}
Kg7 {[%clk 00:25:48]} {[%emt 00:00:40]} 64. Kh3 {[%clk 00:04:58]} {[%emt
00:00:05]} Kg6 {[%clk 00:25:30]} {[%emt 00:00:28]} 65. f4 {[%clk 00:04:50]}
{[%emt 00:00:17]} R6c4 {[%clk 00:25:11]} {[%emt 00:00:30]} 66. Qf2 {[%clk
00:04:16]} {[%emt 00:00:43]} Rc1 {[%clk 00:24:44]} {[%emt 00:00:37]} 67. Qe2
{[%clk 00:04:11]} {[%emt 00:00:16]} f5 {[%clk 00:24:13]} {[%emt 00:00:41]} 68.
Qe6+ {[%clk 00:04:11]} {[%emt 00:00:10]} Kg7 {[%clk 00:24:17]} {[%emt
00:00:06]} 69. h5 {[%clk 00:04:03]} {[%emt 00:00:19]} Rh1+ {[%clk 00:23:29]}
{[%emt 00:00:57]} 70. Kg2 {[%clk 00:04:05]} {[%emt 00:00:08]} Rcc1 {[%clk
00:21:12]} {[%emt 00:02:27]} 71. Qxf5 {[%emt 00:00:30]} Rcg1+ {[%clk 00:21:10]}
72. Kf3 {[%clk 00:04:04]} {[%emt 00:00:02]} Rf1+ {[%clk 00:21:15]} {[%emt
00:00:06]} 73. Kg4 {[%clk 00:04:13]} {[%emt 00:00:02]} Ra1 {[%clk 00:21:13]}
{[%emt 00:00:11]} 74. Kg5 {[%clk 00:04:15]} {[%emt 00:00:09]} Rhe1 {[%clk
00:19:36]} {[%emt 00:01:46]} 75. h6+ {[%clk 00:04:08]} {[%emt 00:00:17]} Kg8
{[%clk 00:19:36]} {[%emt 00:00:10]} 76. Qf6 {[%clk 00:03:35]} {[%emt 00:00:43]}
Ra7 {[%clk 00:19:11]} {[%emt 00:00:35]} 77. Kg6 {[%emt 00:00:47]} Rea1 {[%clk
00:18:50]} 78. Qd8# {[%clk 00:03:31]} {[%emt 00:00:07]} 1-0

[Event "English Schools Championship Final 2024"]
[Site "Nottingham University Kings Meadow Campus, United Kingdom"]
[Date "2024.06.27"]
[Round "2.51"]
[White "Moore, Ryan"]
[Black "Wen, Marlon"]
[Result "1-0"]
[TimeControl "G50' + 10\" per move."]
[WhiteFideId "343415350"]
[WhiteElo "1553"]
[BlackElo "1637"]

1. e4 {[%clk 00:50:17]} {[%emt 00:00:02]} c5 {[%clk 00:50:18]} {[%emt
00:00:05]} 2. Nf3 {[%clk 00:50:18]} {[%emt 00:00:06]} Nc6 {[%clk 00:50:23]}
{[%emt 00:00:05]} 3. d4 {[%clk 00:50:15]} {[%emt 00:00:12]} cxd4 {[%clk
00:50:30]} {[%emt 00:00:04]} 4. Nxd4 {[%clk 00:50:14]} {[%emt 00:00:11]} Nf6
{[%clk 00:50:38]} {[%emt 00:00:03]} 5. Nc3 {[%clk 00:50:07]} {[%emt 00:00:17]}
e5 {[%clk 00:50:46]} {[%emt 00:00:02]} 6. Ndb5 {[%clk 00:49:57]} {[%emt
00:00:19]} d6 {[%clk 00:50:52]} {[%emt 00:00:04]} 7. Bg5 {[%clk 00:49:42]}
{[%emt 00:00:25]} a6 {[%clk 00:50:58]} {[%emt 00:00:05]} 8. Na3 {[%clk
00:49:38]} {[%emt 00:00:13]} Be7 {[%clk 00:51:02]} {[%emt 00:00:06]} 9. Bxf6
{[%clk 00:46:11]} {[%emt 00:03:37]} Bxf6 {[%clk 00:51:10]} {[%emt 00:00:03]} 10.
Nc4 {[%clk 00:44:34]} {[%emt 00:01:45]} Nd4 {[%clk 00:45:49]} {[%emt 00:05:32]}
11. Nd5 {[%clk 00:41:35]} {[%emt 00:03:09]} b5 {[%clk 00:43:30]} {[%emt
00:02:30]} 12. Nce3 {[%clk 00:40:42]} {[%emt 00:01:03]} Bg5 {[%clk 00:41:12]}
{[%emt 00:02:28]} 13. c3 {[%clk 00:38:35]} {[%emt 00:02:16]} Bxe3 {[%clk
00:39:52]} {[%emt 00:01:30]} 14. Nxe3 {[%clk 00:38:40]} {[%emt 00:00:05]} Nc6
{[%clk 00:37:40]} {[%emt 00:02:21]} 15. Qd5 {[%clk 00:35:45]} {[%emt 00:03:05]}
Qc7 {[%clk 00:32:50]} {[%emt 00:05:02]} 16. O-O-O {[%clk 00:33:55]} {[%emt
00:01:59]} Ke7 {[%clk 00:30:46]} {[%emt 00:02:14]} 17. Kb1 {[%clk 00:28:43]}
{[%emt 00:05:22]} Rd8 {[%clk 00:28:04]} {[%emt 00:02:52]} 18. Nf5+ {[%clk
00:23:58]} {[%emt 00:04:55]} Bxf5 {[%clk 00:26:31]} {[%emt 00:01:44]} 19. exf5
{[%clk 00:24:05]} {[%emt 00:00:03]} Kf8 {[%clk 00:22:01]} {[%emt 00:04:39]} 20.
Bd3 {[%clk 00:21:45]} {[%emt 00:02:29]} Ne7 {[%clk 00:21:34]} {[%emt 00:00:39]}
21. Qf3 {[%clk 00:21:10]} {[%emt 00:00:44]} d5 {[%clk 00:20:57]} {[%emt
00:00:47]} 22. f6 {[%clk 00:19:42]} {[%emt 00:01:37]} e4 {[%clk 00:13:41]}
{[%emt 00:07:27]} 23. fxe7+ {[%clk 00:18:47]} {[%emt 00:01:05]} Qxe7 {[%clk
00:13:47]} {[%emt 00:00:05]} 24. Qh5 {[%clk 00:18:34]} {[%emt 00:00:21]} exd3
{[%clk 00:13:52]} {[%emt 00:00:06]} 25. Qxh7 {[%clk 00:16:11]} {[%emt
00:02:33]} Qe4 {[%clk 00:12:50]} {[%emt 00:01:13]} 26. Qh8+ {[%clk 00:16:05]}
{[%emt 00:00:15]} Ke7 {[%clk 00:12:51]} {[%emt 00:00:09]} 27. Qxg7 {[%clk
00:15:18]} {[%emt 00:00:37]} Rg8 {[%clk 00:11:39]} {[%emt 00:01:42]} 28. Qd4
{[%clk 00:13:36]} {[%emt 00:01:51]} Qxd4 {[%clk 00:11:43]} {[%emt 00:00:07]} 29.
cxd4 {[%clk 00:13:38]} {[%emt 00:00:08]} Rxg2 {[%clk 00:11:44]} {[%emt
00:00:09]} 30. Rxd3 {[%clk 00:13:18]} {[%emt 00:00:30]} Rxf2 {[%clk 00:11:43]}
{[%emt 00:00:12]} 31. h4 {[%clk 00:12:06]} {[%emt 00:01:21]} Rh8 {[%clk
00:11:11]} {[%emt 00:00:42]} 32. h5 {[%clk 00:11:25]} {[%emt 00:00:51]} Rh6
{[%clk 00:10:19]} {[%emt 00:01:02]} 33. Re3+ {[%clk 00:11:16]} {[%emt
00:00:20]} Kd6 {[%clk 00:10:14]} {[%emt 00:00:15]} 34. Re8 {[%clk 00:10:32]}
{[%emt 00:00:53]} Rf5 {[%clk 00:09:39]} {[%emt 00:00:45]} 35. Ra8 {[%clk
00:10:25]} {[%emt 00:00:17]} Kc7 {[%clk 00:08:52]} {[%emt 00:00:57]} 36. Ra7+
{[%clk 00:10:26]} {[%emt 00:00:09]} Kb6 {[%clk 00:08:34]} {[%emt 00:00:28]} 37.
Re7 {[%clk 00:10:15]} {[%emt 00:00:21]} Rhxh5 {[%clk 00:07:43]} {[%emt
00:01:02]} 38. Rc1 {[%clk 00:07:08]} {[%emt 00:03:16]} Rh2 {[%clk 00:05:56]}
{[%emt 00:01:57]} 39. Re3 {[%clk 00:05:31]} {[%emt 00:01:46]} Rff2 {[%clk
00:05:42]} {[%emt 00:00:25]} 40. Rb3 {[%clk 00:05:29]} {[%emt 00:00:12]} a5
{[%clk 00:05:11]} {[%emt 00:00:41]} 41. a3 {[%clk 00:05:23]} {[%emt 00:00:16]}
Rd2 {[%clk 00:04:12]} {[%emt 00:01:09]} 42. Rc5 {[%clk 00:05:23]} {[%emt
00:00:10]} Rxd4 {[%clk 00:03:42]} {[%emt 00:00:41]} 43. Rbxb5+ {[%clk
00:05:28]} {[%emt 00:00:04]} Ka6 {[%clk 00:03:48]} {[%emt 00:00:04]} 44. Rxa5+
{[%clk 00:05:37]} {[%emt 00:00:02]} Kb6 {[%clk 00:03:55]} {[%emt 00:00:03]} 45.
Rab5+ {[%clk 00:05:40]} {[%emt 00:00:07]} Ka6 {[%clk 00:04:04]} 46. Rxd5 {[%clk
00:05:42]} {[%emt 00:00:07]} Rxd5 {[%clk 00:02:42]} {[%emt 00:01:32]} 47. Rxd5
{[%clk 00:05:50]} {[%emt 00:00:02]} Rf2 {[%clk 00:02:32]} {[%emt 00:00:19]} 48.
Kc1 {[%clk 00:05:44]} {[%emt 00:00:17]} Kb6 {[%clk 00:02:39]} {[%emt 00:00:04]}
49. Rd2 {[%clk 00:05:42]} {[%emt 00:00:12]} Rf3 {[%clk 00:02:31]} {[%emt
00:00:17]} 50. Kc2 {[%clk 00:05:43]} {[%emt 00:00:08]} Kc5 {[%clk 00:02:30]}
{[%emt 00:00:12]} 51. Rd3 {[%clk 00:05:24]} {[%emt 00:00:29]} Rf2+ {[%clk
00:02:25]} {[%emt 00:00:15]} 52. Kc3 {[%clk 00:05:31]} {[%emt 00:00:02]} Rf1
{[%clk 00:02:34]} {[%emt 00:00:02]} 53. b4+ {[%clk 00:05:26]} {[%emt 00:00:15]}
Kb5 {[%clk 00:02:42]} {[%emt 00:00:03]} 54. Rd5+ {[%clk 00:05:34]} {[%emt
00:00:02]} Ka4 {[%clk 00:02:51]} 55. Ra5# {[%clk 00:05:26]} {[%emt 00:00:02]}
1-0